000 02569 a2200385 4500
001 23712664
003 000
005 20251017150249.0
008 240530s2025 flu b 001 0 eng
010 _a 2024024368
020 _a9781032430270
035 _a23712664
040 _aDLC
_beng
_erda
_cDLC
_dDLC
042 _apcc
050 0 0 _aTJ 211.49 .D46
082 0 0 _a629.8/924019
_223/eng/20241031
100 _aLupetti, Maria Luce(editor)
245 0 0 _aDesigning interactions with robots :
_bmethods and perspectives /
_c
263 _a2412
264 1 _aBoca Raton, FL :
_bCRC Press,
_c2025.
300 _axv, 188p. ill.
336 _atext
_btxt
_2rdacontent
337 _aunmediated
_bn
_2rdamedia
338 _avolume
_bnc
_2rdacarrier
490 0 _aChapman & Hall/CRC Artificial Intelligence and robotics series
504 _aIncludes bibliographical references and index.
505 2 _aIntroduction / Maria Luce Lupetti -- Designing artificial agents : appearance & expressivity / Maria Luce Lupetti -- Everyday robo-things / Sonya Kwak and Dahyun Kang -- Ready-made prototyping / Ilan Mandel and Wendy Ju.
520 _a"Developing robots to interact with humans is a complex interdisciplinary effort. While engineering and social science perspectives on designing human-robot interactions are readily available, the body of knowledge and practices related to design, specifically interaction design, often remain tacit. Designing Interactions with Robots fills an important resource gap in the human-robot interaction (HRI) community, and acts as a guide to navigating design-specific methods, tools, and techniques. With contributions from the field's leading experts and rising pioneers, this collection presents state of the art knowledge and a range of design methods, tools, and techniques, which cover the various phases of an HRI project. This book is accessible to an interdisciplinary audience, and does not assume any design knowledge. It provides actionable resources whose efficacy have been tested and proven in existing research"--
_cProvided by publisher.
650 0 _aHuman-robot interaction.
700 1 _aLupetti, Maria Luce,
_eeditor.
776 0 8 _iOnline version:
_tDesigning interactions with robots
_bFirst edition.
_dBoca Raton, FL : CRC Press, 2025
_z9781003371021
_w(DLC) 2024024369
906 _a7
_bcbc
_corignew
_d1
_eecip
_f20
_gy-gencatlg
942 _2lcc
_cBK
999 _c43914
_d43914